000 01004nam a2200217 a 4500
001 000024329
005 20200930022921.0
008 110126s1996 ve r 000 0 spa d
020 _a980010920X
040 _aDO-SdBNP
_bspa
_cBNPHU
082 _axx
_bxxx
100 1 _aSegundo Sánchez, Manuel,
_d1868-1945.
_949904
245 1 0 _aBibliografía venezolanista :
_bcontribución al conocimiento de los libros extranjeros relativos a Venezuela y sus grandes hombres, publicados o reimpresos desde el siglo XIX /
_cManuel Segundo Sánchez ; prólogo Pedro Grases.
260 _aCaracas, Venezuela :
_bMonte Ávila Editores Latinoamericana
_bBanco Central de Venezuela,
_c1996.
300 _axviii, 494, [2] p. ;
_c21 cm.
490 1 _aDocumentos
_adocumental
500 _aEdición conmemorativa del cincuentenario de la muerte del autor
504 _aIncluye referencias bibliográficas y notas al pie de las páginas
700 1 _aGrases, Pedro
_eprólogo
_910355
830 0 _aDocumentos
_pdocumental
_949905
999 _c23822
_d23822